Inspirǹdonos de la naturaleza, ecodiseǫ y biomm̕esis

Salvato in:
Dettagli Bibliografici
Altri autori: YouTube
Natura: Libro
Lingua:spagnolo
Soggetti:
Accesso online:Inspirǹdonos de la naturaleza, ecodiseǫ y biomm̕esis
Tags: Aggiungi Tag
Nessun Tag, puoi essere il primo ad aggiungerne!!

MARC

LEADER 00000nam a22000004a 4500
001 vpro11935
005 20201223000000.0
008 170807s2017 ck # g## #001 0#spa#d
020
022
040 |a CO-BoINGC 
041 0 |a spa 
245 1 0 |a Inspirǹdonos de la naturaleza, ecodiseǫ y biomm̕esis 
246 |a Inspiration from Nature: Eco-design and Biomimetics 
264 |a Bogot ̀(Colombia) :  |b Revista VirtualPRO,  |c 2017 
520 3
650 \ \ |a Biomimťica 
650 \ \ |a Biomimetics 
650 \ \ |a biomimťica 
650 \ \ |a biomm̕esis 
650 \ \ |a naturaleza 
650 \ \ |a biomimetics 
650 \ \ |a biomimicry 
650 \ \ |a nature  
700 \ \ |a YouTube 
856 |z Inspirǹdonos de la naturaleza, ecodiseǫ y biomm̕esis  |u https://virtualpro.unach.elogim.com/biblioteca/inspirandonos-de-la-naturaleza-ecodiseno-y-biomimesis